Film theory : (Record no. 2675)

MARC details
000 -LEADER
fixed length control field 02681cam a22003618i 4500
001 - CONTROL NUMBER
control field 22324098
003 - CONTROL NUMBER IDENTIFIER
control field OSt
005 - DATE AND TIME OF LATEST TRANSACTION
control field 20260514105759.0
008 - FIXED-LENGTH DATA ELEMENTS--GENERAL INFORMATION
fixed length control field 211129s2022 nyu b 001 0 eng
010 ## - LIBRARY OF CONGRESS CONTROL NUMBER
LC control number 2021057705
020 ## - INTERNATIONAL STANDARD BOOK NUMBER
International Standard Book Number 9780367767969
Qualifying information (paperback)
035 ## - SYSTEM CONTROL NUMBER
System control number 22324098
040 ## - CATALOGING SOURCE
Original cataloging agency DLC
Language of cataloging eng
Description conventions rda
Transcribing agency DLC
Modifying agency DLC
042 ## - AUTHENTICATION CODE
Authentication code pcc
050 00 - LIBRARY OF CONGRESS CALL NUMBER
Classification number PN1995
Item number .M3775 2022
100 1# - MAIN ENTRY--PERSONAL NAME
Personal name McDonald, Kevin,
Dates associated with a name 1976-
Relator term author.
245 10 - TITLE STATEMENT
Title Film theory :
Remainder of title the basics /
Statement of responsibility, etc. Kevin McDonald.
250 ## - EDITION STATEMENT
Edition statement Second edition.
264 #1 - PRODUCTION, PUBLICATION, DISTRIBUTION, MANUFACTURE, AND COPYRIGHT NOTICE
Place of production, publication, distribution, manufacture New York :
Name of producer, publisher, distributor, manufacturer Routledge, Taylor & Francis Group,
Date of production, publication, distribution, manufacture, or copyright notice 2022.
300 ## - PHYSICAL DESCRIPTION
Extent viii, 262 pages ;
Dimensions 21 cm.
336 ## - CONTENT TYPE
Content type term text
Content type code txt
Source rdacontent
337 ## - MEDIA TYPE
Media type term unmediated
Media type code n
Source rdamedia
338 ## - CARRIER TYPE
Carrier type term volume
Carrier type code nc
Source rdacarrier
490 0# - SERIES STATEMENT
Series statement The basics
504 ## - BIBLIOGRAPHY, ETC. NOTE
Bibliography, etc. note Includes bibliographical references and index.
505 0# - FORMATTED CONTENTS NOTE
Formatted contents note Introduction -- Theory before theory, 1915-1960 -- French theory, 1949-1968 -- Screen theory, 1969-1996 -- Post theory, 1996-Present -- Theory after film theory -- Summary.
520 ## - SUMMARY, ETC.
Summary, etc. "Fully updated and expanded throughout, this second edition of Film Theory: The Basics provides an accessible introduction to the key theorists, concepts, and debates that have shaped the study of moving images. The book examines film theory from its emergence in the early twentieth century to its study in the present day, and explores why film has drawn special attention as a medium, as a form of representation, and as a focal point in the rise of modern visual culture. It also emphasizes how film theory has developed as a historically contingent discourse, one that has evolved and changed in conjunction with different social, political, and intellectual factors. This second edition offers a detailed account of new theoretical directions at the forefront of film studies in the twenty-first century, and draws additional attention to how theory engages with today's most pressing questions about digital technologies, the environment, and racial justice. Complete with questions for discussion and a glossary of both key terms and key theorists, this book in an invaluable resource for those new to film theory and for anyone else interested in the history and significance of critical thinking in relation to the moving image"--
Assigning source Provided by publisher.
650 #0 - SUBJECT ADDED ENTRY--TOPICAL TERM
Topical term or geographic name entry element Motion pictures
General subdivision Philosophy.
776 08 - ADDITIONAL PHYSICAL FORM ENTRY
Relationship information Online version:
Main entry heading McDonald, Kevin, 1976-
Title Film theory.
Edition Second edition
Place, publisher, and date of publication New York : Routledge, 2022
International Standard Book Number 9781003171379
Record control number (DLC) 2021057706
906 ## - LOCAL DATA ELEMENT F, LDF (RLIN)
a 7
b cbc
c orignew
d 1
e ecip
f 20
g y-gencatlg
942 ## - ADDED ENTRY ELEMENTS (KOHA)
Source of classification or shelving scheme Library of Congress Classification
Koha item type Book
Holdings
Withdrawn status Lost status Source of classification or shelving scheme Damaged status Not for loan Home library Current library Shelving location Date acquired Source of acquisition Cost, normal purchase price Total Checkouts Full call number Barcode Date last seen Cost, replacement price Price effective from Koha item type
    Library of Congress Classification     MILA University Central Library MILA University Central Library General Stacks 14/05/2026 Emo Book Services Sdn Bhd 101.55   PN1995 .M3775 2022 0003630 14/05/2026 101.55 07/05/2026 Book
   
  Powered by CD Solutions Sdn Bhd